মুক্তিযুদ্ধের ১০ নাটক / (Record no. 11010)
[ view plain ]
| 000 -LEADER | |
|---|---|
| fixed length control field | 00729nam a2200217 a 4500 |
| 001 - CONTROL NUMBER | |
| JCCL Control Number | 11010 |
| 003 - CONTROL NUMBER IDENTIFIER | |
| JCCL marc code | BD-JhCC |
| 005 - DATE AND TIME OF LATEST TRANSACTION | |
| control field | 20190723091727.0 |
| 008 - FIXED-LENGTH DATA ELEMENTS--GENERAL INFORMATION | |
| fixed length control field | 190623s2018 bg |||| |||| 000 0 ben d |
| 020 ## - INTERNATIONAL STANDARD BOOK NUMBER | |
| International Standard Book Number | 978984900080803 |
| 035 ## - SYSTEM CONTROL NUMBER | |
| system control number | (BD-JhCC)11010 |
| 040 ## - CATALOGING SOURCE | |
| Original cataloging agency | BD-JhCC |
| Modifying agency | BD-JhCC |
| 041 ## - LANGUAGE CODE | |
| Language code of Book | ben |
| 082 ## - DEWEY DECIMAL CLASSIFICATION NUMBER | |
| Classification number | 891.442 |
| Author mark and Year | BAU 2018 |
| 100 ## - MAIN ENTRY--PERSONAL NAME | |
| Personal name | বল, কুমার প্রীতীশ |
| 245 ## - TITLE STATEMENT | |
| Title | মুক্তিযুদ্ধের ১০ নাটক / |
| Statement of responsibility, etc | কুমার প্রীতীশ বল, |
| 260 ## - PUBLICATION, DISTRIBUTION, ETC. (IMPRINT) | |
| Place of publication, distribution, etc | ঢাকা : |
| Name of publisher, distributor, etc | ন্যাশনাল পাবলিকেশন, |
| Date of publication, distribution, etc | ২০১৮. |
| 300 ## - PHYSICAL DESCRIPTION | |
| Pagination | ৩৩৫ পৃ. : |
| Dimensions | ২১ সেমি. |
| 650 ## - SUBJECT ADDED ENTRY--TOPICAL TERM | |
| Topical term or geographic name as entry element | Historical Drama |
| 942 ## - ADDED ENTRY ELEMENTS (KOHA) | |
| Source of classification or shelving scheme | Dewey Decimal Classification |
| Koha item type | Books |
| Source of classification or shelving scheme | Damaged status | Not for loan | Home library | Current library | Shelving location | Date of accession | Cost, normal purchase price | Total Checkouts | Full call number | Barcode | Date last seen | Copy number | Koha item type |
|---|---|---|---|---|---|---|---|---|---|---|---|---|---|
| Dewey Decimal Classification | JCC Rouf Library | JCC Rouf Library | General Stacks | 06/23/2019 | 400.00 | 891.442 BAU 2018 | 14915 | 07/23/2019 | C-1 | Books |